000 00708nam a2200289Ia 4500
005 20260324121925.0
008 008 260324s9999 xx 000 0 eng d
020 _a9780203837375
037 _aEBOOK
040 _aCRL
040 _beng
040 _cCRL
041 _2eng
041 _aeng
084 _qCRL
100 _aWilliam B. Ware; John M. Ferron; Barbara M. Miller
_91164411
245 0 _aIntroductory Statistics
245 2 _bA Conceptual Approach Using R
260 _bTaylor and Francis
260 _c2013
365 _a
365 _b480
856 _uhttp://www.taylorfrancis.com/books/9780203837375
942 _cEBOOK
999 _c1756805
_d1756805